Methods of testing vulcanized rubber. Part A 50. Determination of temperature rise and resistance to fatigue in flexometer testing (Compression flexometer). (Record no. 73197)

MARC details
000 -LEADER
fixed length control field 00559nam a2200157Ia 4500
245 #0 - TITLE STATEMENT
Title Methods of testing vulcanized rubber. Part A 50. Determination of temperature rise and resistance to fatigue in flexometer testing (Compression flexometer).
260 ## - PUBLICATION, DISTRIBUTION, ETC. (IMPRINT)
Year of publication 1984
500 ## - GENERAL NOTE
General note Standard number: BS 903 Part A 50 ISO 4666/3; 1982
650 ## - SUBJECT ADDED ENTRY--TOPICAL TERM
Topical Term Compression flexometer
650 ## - SUBJECT ADDED ENTRY--TOPICAL TERM
Topical Term Fatigue resistance
650 ## - SUBJECT ADDED ENTRY--TOPICAL TERM
Topical Term Flexometer testing
650 ## - SUBJECT ADDED ENTRY--TOPICAL TERM
Topical Term Temperature
650 ## - SUBJECT ADDED ENTRY--TOPICAL TERM
Topical Term Vulcanized rubber
942 ## - ADDED ENTRY ELEMENTS (KOHA)
Koha item type Standards
Holdings
Withdrawn status Lost status Damaged status Not for loan Collection code Home library Current library Date acquired Koha item type
      Standards British standards RRII Library RRII Library 31/12/2021 Standards